| Tag |
First Indicator |
Second Indicator |
Subfields |
| LEADER |
00000cam a22000001i 4500 |
| 001 |
in00003731821 |
| 006 |
m |o d | |
| 007 |
cr |n||||||||| |
| 008 |
160202s2016 sz a ob 001 0 eng d |
| 005 |
20250816205926.9 |
| 020 |
|
|
|a 9783319244334 (electronic bk.)
|
| 020 |
|
|
|a 3319244337 (electronic bk.)
|
| 020 |
|
|
|z 9783319244310
|
| 020 |
|
|
|z 3319244310
|
| 024 |
8 |
|
|a 99968670464
|
| 035 |
|
|
|a (NhCcYBP)ebc4306469
|
| 040 |
|
|
|a NhCcYBP
|c NhCcYBP
|d UtOrBLW
|
| 050 |
|
4 |
|a LB1060
|b .V45 2016
|
| 082 |
0 |
4 |
|a 370.1523
|2 23
|
| 100 |
1 |
|
|a Velzen, Joke van,
|e author.
|0 http://id.loc.gov/authorities/names/no2016049810
|
| 245 |
1 |
0 |
|a Metacognitive learning :
|b advancing learning by developing general knowledge of the learning process /
|c Joke van Velzen.
|
| 264 |
|
1 |
|a Cham :
|b Springer,
|c [2016]
|
| 300 |
|
|
|a 1 online resource.
|
| 336 |
|
|
|a text
|b txt
|2 rdacontent
|
| 337 |
|
|
|a computer
|b c
|2 rdamedia
|
| 338 |
|
|
|a online resource
|b cr
|2 rdacarrier
|
| 504 |
|
|
|a Includes bibliographical references and indexes.
|
| 588 |
|
|
|a Description based on print version record.
|
| 500 |
|
|
|a Electronic resource.
|
| 650 |
|
0 |
|a Learning, Psychology of.
|0 http://id.loc.gov/authorities/subjects/sh85075526
|
| 655 |
|
7 |
|a Electronic books.
|2 local
|
| 710 |
2 |
|
|a ProQuest (Firm)
|0 http://id.loc.gov/authorities/names/n2007068018
|
| 776 |
1 |
8 |
|c Original
|z 9783319244310
|z 3319244310
|
| 856 |
4 |
0 |
|u https://ebookcentral.proquest.com/lib/tamucs/detail.action?docID=4306469
|y Connect to the full text of this electronic book
|t 0
|
| 955 |
|
|
|a YBP purchased firm e-records
|
| 980 |
|
|
|b 129.00
|g 1
|
| 987 |
|
|
|a ybp12775230
|
| 999 |
f |
f |
|s a5633354-1eb7-3207-9f8f-ec5208b0e3b7
|i cb6d06dd-fd9d-38e5-a518-126f0ffd9947
|t 0
|
| 952 |
f |
f |
|a Texas A&M University
|b College Station
|c Electronic Resources
|d Available Online
|t 0
|e LB1060 .V45 2016
|h Library of Congress classification
|
| 998 |
f |
f |
|a LB1060 .V45 2016
|t 0
|l Available Online
|